A Flash Of Lightning In The Dark Of Night: A Guid To The Buddhisattva's Way Of Life Life (Record no. 19747)

MARC details
000 -LEADER
fixed length control field 00326nam a22001217a 4500
020 ## - INTERNATIONAL STANDARD BOOK NUMBER
ISBN 1569571201
082 ## - DEWEY DECIMAL CLASSIFICATION NUMBER
Classification number 294.34 GYA
100 ## - MAIN ENTRY--AUTHOR NAME
Author name Gyatso, Tenzin
245 ## - TITLE STATEMENT
Title A Flash Of Lightning In The Dark Of Night: A Guid To The Buddhisattva's Way Of Life Life
260 ## - PUBLICATION, DISTRIBUTION, ETC. (IMPRINT)
Place of publication Boston
Name of publisher SHAMBHALA
Year of publication 1999
300 ## - PHYSICAL DESCRIPTION
Number of Pages 141
942 ## - ADDED ENTRY ELEMENTS (KOHA)
Koha item type Books

No items available.

                   Copyright © 2026 | Henry Martyn Institute | Hyderabad | TS-500052 | INDIA | Implemented by hmi.edu.in
Hit-Count:

Powered by Koha